00237nam a2200097Ia 4500008004100000100002100041245003000062260002700092300001200119650000800131191201s2011 xx 000 0 und d aLEVIN, Richard I 0aStatistics for Management aN.DelhibPearsonc2011 a1026+90 aMBA